[Event "ROM-chT"]
[Site "Eforie Nord"]
[Date "2008.09.01"]
[Round "1"]
[White "Cozmolici, Sergiu"]
[Black "Posedaru, Bogdan Stefan"]
[Result "1/2-1/2"]
[WhiteElo "2020"]
[BlackElo "2244"]
[PlyCount "78"]
[EventDate "2008.09.01"]
[EventType "team-tourn"]
[EventRounds "9"]
[EventCountry "ROU"]
[SourceTitle "CBM 126 Extra"]
[Source "ChessBase"]
[SourceDate "2008.11.05"]
[SourceVersion "1"]
[SourceVersionDate "2008.11.05"]
[SourceQuality "1"]

1. d4 d5 2. Nf3 c6 3. Bf4 Nf6 4. e3 Bg4 5. Be2 Qb6 6. b3 e6 7. 0-0 Be7 8. c4 0-0 9. c5 Qd8 10. Nbd2 Nbd7 11. h3 Bh5 12. b4 a5 13. b5 cxb5 14. Bxb5 Ne4 15. Qc2 Nxd2 16. Qxd2 Bxf3 17. gxf3 e5 18. Bg3 exd4 19. exd4 f5 20. Bxd7 Qxd7 21. Be5 f4 22. Kh2 Bf6 23. Rae1 Bxe5 24. Rxe5 a4 25. Rg1 Rae8 26. Rge1 Rxe5 27. Rxe5 Rf6 28. Qe2 Rh6 29. Qf1 b6 30. cxb6 Rxb6 31. Qc1 Rh6 32. Qf1 a3 33. Re2 Rc6 34. Qb1 h6 35. Qb3 Rc4 36. Qb8+ Kh7 37. Qxf4 Qc7 38. Re5 Rc2 39. Qf5+ Kg8 1/2-1/2